| 000 | 00473nam a2200169Ia 4500 | ||
|---|---|---|---|
| 008 | 210210b2002 xxu||||| |||| 00| 0 eng d | ||
| 020 | _a81 7649 215 9 | ||
| 082 | _a574.88076 TURI | ||
| 100 | _aTURNER (P C) and Others. | ||
| 245 | _aInstant notes molecular biology. Ed.2. | ||
| 250 | _a | ||
| 260 |
_aNew Delhi _bViva Books Private Limited _c2002 |
||
| 300 | _axiv,346 | ||
| 650 | _aMolecular Biology Instant Notes | ||
| 690 | _aMolecular Biology | ||
| 906 | _a061476 | ||
| 999 |
_c108436 _d108436 |
||